|
|
|
|
| LEADER |
01925nim a2200553 i 4500 |
| 001 |
001730730 |
| 003 |
CZ BrMZK |
| 005 |
20200617133034.0 |
| 007 |
sd fungnnmmned |
| 008 |
200217p20202019xr ||nne f n cze |
| 015 |
|
|
|a cnb003174109
|
| 024 |
3 |
|
|a 8594050429307
|
| 040 |
|
|
|a BOA001
|b cze
|e rda
|
| 072 |
|
7 |
|a 821.162.3-3
|x Česká próza
|2 Konspekt
|9 25
|
| 072 |
|
7 |
|a 821-93
|x Literatura pro děti a mládež (beletrie)
|2 Konspekt
|9 26
|
| 080 |
|
|
|a 821.162.3-31
|2 MRF
|
| 080 |
|
|
|a (0:82-311.3)
|2 MRF
|
| 080 |
|
|
|a (086.7.053.2)
|2 MRF
|
| 080 |
|
|
|a (086.7)08
|2 MRF
|
| 080 |
|
|
|a (086.76)
|2 MRF
|
| 100 |
1 |
|
|a Foglar, Jaroslav,
|d 1907-1999
|7 jk01031485
|4 aut
|
| 245 |
1 |
0 |
|a Dobrodružství v Zemi nikoho /
|c Foglar
|
| 264 |
|
1 |
|a Praha :
|b Albatros,
|c [2020]
|
| 264 |
|
4 |
|c ©2020
|
| 300 |
|
|
|a 1 audiodisk (8 hod., 4 min.) ;
|c 12 cm
|
| 306 |
|
|
|a 080400
|
| 336 |
|
|
|a mluvené slovo
|b spw
|2 rdacontent
|
| 337 |
|
|
|a audio
|b s
|2 rdamedia
|
| 338 |
|
|
|a audiodisk
|b sd
|2 rdacarrier
|
| 344 |
|
|
|a digital
|b optical
|2 rda
|
| 347 |
|
|
|a audio soubor
|b MP3
|2 rda
|
| 500 |
|
|
|a Název z disku
|
| 500 |
|
|
|a Copyright Albatros Media
|
| 500 |
|
|
|a Nezkrácená audiokniha na mp3 CD
|
| 508 |
|
|
|a Režie Jiří Tušl
|
| 511 |
0 |
|
|a Čte Lukáš Příkazký
|
| 518 |
|
|
|o Nahráno
|d 2019
|p studio DAMU, Praha
|
| 521 |
8 |
|
|a Pro posluchače od 9 let
|
| 655 |
|
7 |
|a české romány
|7 fd133974
|2 czenas
|
| 655 |
|
7 |
|a dobrodružné romány
|7 fd132061
|2 czenas
|
| 655 |
|
7 |
|a zvukové záznamy pro děti a mládež
|7 fd186726
|2 czenas
|
| 655 |
|
7 |
|a audioknihy
|7 fd119452
|2 czenas
|
| 655 |
|
7 |
|a kompaktní disky
|7 fd201991
|2 czenas
|
| 700 |
1 |
|
|a Tušl, Jiří,
|d 1943-
|7 kup19960000103438
|4 drt
|
| 700 |
1 |
|
|a Příkazký, Lukáš,
|d 1985-
|7 xx0166657
|4 nrt
|
| 910 |
|
|
|a BOA001
|b CDR-1443.841
|
| 990 |
|
|
|a AV
|
| 991 |
|
|
|b 202006
|c NOV
|
| 996 |
6 |
|
|b 2610816062
|c CDR-1443.841
|l MZK
|r Sklad / do 24 hodin
|n 0
|p p.v.
|w 001783228
|u 000010
|a 1
|e BOA001
|j MZK50
|s P
|